000 00657nam a2200205 u 4500
005 20221115063520.0
008 080522s2007 r 000 0 eng d
020 _a1404272585
035 _aUPN01000156172
049 _aI
050 4 _aPZ76.3
_bA4.9
100 1 _aAmico, Sal
245 1 0 _aZacarías, ¡ven aquí! /
_cSal Amico ; tr. María Cristina Brusca.
260 _aNew York :
_bRosen Classroom Books & Materials,
_c2007.
300 _a16 p. :
_bprincipalmente il. col.
440 0 _aLecturas del barrio.
_pFantasía
650 7 _aAnimales
_vLiteratura infantil
_2
_91061
650 4 _aZORRILLOS -
_vCUENTOS Y LEYENDAS
_910919
905 _aInfantil
999 _c128286
_d128286